MARC details
| 000 -LEADER |
| campo de control de longitud fija |
01758nim a2200409 i 4500 |
| 001 - NÚMERO DE CONTROL |
| campo de control |
197350 |
| 003 - IDENTIFICADOR DE NÚMERO DE CONTROL |
| campo de control |
ES-MaACL |
| 005 - FECHA Y HORA DE LA ÚLTIMA TRANSACCIÓN |
| campo de control |
20251012063106.0 |
| 007 - CAMPO FIJO DE DESCRIPCIÓN FÍSICA--INFORMACIÓN GENERAL |
| campo de control de longitud fija |
ss lsnjlcipnne |
| 008 - DATOS DE LONGITUD FIJA--INFORMACIÓN GENERAL |
| campo de control de longitud fija |
140525s1991 sp nnnn |||| 00| spa d |
| 040 ## - FUENTE DE CATALOGACIÓN |
| Lengua de catalogación |
spa |
| Centro/agencia transcriptor |
ES-MaACL |
| 100 1# - ENTRADA PRINCIPAL--NOMBRE DE PERSONA |
| Nombre de persona |
Rodríguez, Francisco, |
| Fechas asociadas al nombre |
1945- |
| Término indicativo de función/relación |
Autor |
| 9 (RLIN) |
98242 |
| 245 00 - MENCIÓN DEL TÍTULO |
| Título |
La desmitificación del eurocentrismo por la literatura gallega contemporánea |
| Medio |
[Grabación sonora] / |
| Mención de responsabilidad, etc. |
por Francisco Rodríguez ; presenta Lauro Olmo |
| 260 ## - PUBLICACIÓN, DISTRIBUCIÓN, ETC. |
| Lugar de publicación, distribución, etc. |
Madrid : |
| Nombre del editor, distribuidor, etc. |
Ateneo de Madrid, |
| Fecha de publicación, distribución, etc. |
1991 |
| 300 ## - DESCRIPCIÓN FÍSICA |
| Extensión |
2 casetes (ca. 180 min) : |
| Otras características físicas |
son. ; |
| Dimensiones |
11 cm |
| 336 ## - TIPO DE CONTENIDO |
| Fuente |
rdacontent |
| Término de tipo de contenido |
texto |
| 337 ## - TIPO DE MEDIO |
| Fuente |
rdamedia |
| Nombre/término del tipo de medio |
sin mediación |
| 338 ## - TIPO DE SOPORTE |
| Fuente |
rdacarrier |
| Nombre/término del tipo de soporte |
volumen |
| 490 1# - MENCIÓN DE SERIE |
| Materiales especificados |
Actos culturales en el Ateneo de Madrid |
| 511 ## - NOTA DE PARTICIPANTES O INTÉRPRETES |
| Nota de participantes o intérpretes |
Realizada por Francisco Rodríguez, catedrático y presenta Lauro Olmos. de Madrid. |
| 518 ## - NOTA DE FECHA/HORA Y LUGAR DE UN ACONTECIMIENTO |
| Nota de fecha/hora y lugar de un acontecimiento |
Grabado el 26 de abril de 1991 en el Salón de Actos del Ateneo de Madrid. |
| 520 ## - RESUMEN, ETC. |
| Sumario, etc. |
Conferencia sobre la literatura gallega contemporánea tratando de buscar algún sustrato filosófico. |
| 540 ## - NOTA DE CONDICIONES DE USO Y REPRODUCCIÓN |
| Condiciones de uso y reproducción |
Documento inédito |
| 594 ## - Nota al título y mención de responsabilidad |
| a |
Datos basados en la invitación. |
| 610 20 - PUNTO DE ACCESO ADICIONAL DE MATERIA--NOMBRE DE ENTIDAD CORPORATIVA |
| Nombre de entidad corporativa o nombre de jurisdicción como elemento de entrada |
Ateneo de Madrid- |
| Subdivisión general |
Actos culturales- |
| Subdivisión cronológica |
1991- |
| Subdivisión de forma |
Grabaciones sonoras |
| 9 (RLIN) |
240452 |
| 651 #7 - PUNTO DE ACCESO ADICIONAL DE MATERIA--NOMBRE GEOGRÁFICO |
| 9 (RLIN) |
168757 |
| Nombre geográfico |
Galicia- |
| Subdivisión general |
En la literatura |
| 653 ## - TÉRMINO DE INDIZACIÓN--NO CONTROLADO |
| Término no controlado |
Archivo de la palabra |
| 655 #0 - TERMINO DE INDIZACIÓN--GENERO/FORMA |
| Datos o término principal de género/forma |
Conferencias |
| 9 (RLIN) |
234444 |
| 700 1# - ENTRADA AGREGADA--NOMBRE PERSONAL |
| 9 (RLIN) |
86974 |
| Nombre de persona |
Olmo, Lauro, |
| Fechas asociadas al nombre |
1922-1994 |
| Término indicativo de función/relación |
presentador |
| 710 2# - ENTRADA AGREGADA--NOMBRE DE ENTIDAD CORPORATIVA |
| Nombre de entidad corporativa o nombre de jurisdicción como elemento de entrada |
Ateneo de Madrid. |
| Unidad subordinada |
Cátedra Valle-Inclán |
| Término indicativo de función/relación |
Sede |
| 9 (RLIN) |
137505 |
| 830 #0 - PUNTO DE ACCESO ADICIONAL DE SERIE-TÍTULO UNIFORME |
| Título uniforme |
Actos culturales en el Ateneo de Madrid |
| 9 (RLIN) |
240237 |
| 852 ## - LOCALIZACIÓN |
| Ubicación |
ES-MaACL |
| Ubicación en estantería |
Depósito Z |
| itemnumber |
205664 |
| Designación de la unidad física |
Cinta 1 |
| 852 ## - LOCALIZACIÓN |
| Ubicación |
ES-MaACL |
| Ubicación en estantería |
Depósito Z |
| itemnumber |
205665 |
| Designación de la unidad física |
Cinta 2 |
| 942 ## - ELEMENTOS DE ENTRADA SECUNDARIOS (KOHA) |
| Fuente del sistema de clasificación o colocación |
Clasificación decimal universal |
| Suprimir en OPAC |
No |
| Tipo de ítem Koha |
Casete |